000
00327nam a2200133Ia 4500
008
191201s2013 xx 000 0 und d
082
_a
332
_b
GOF
100
_a
GORDON,E
245
0
_a
Financial Markets and Services
260
_a
N. delhi
_b
Himala Publication House
_c
2013
300
_a
495
650
_a
BBA
942
_2
ddc
_c
BK
_0
2
999
_c
5674
_d
5674